Loading...
| History - Other | 0 | 4 | 0 | 0 | 40 | 85 | 107.50 | 0 | 2 | 6.57 | 24.55 |
| Science - Other | 0 | 4 | 1 | 0 | 35 | 52 | 67.00 | 1 | 4 | 15.35 | 29.09 |
| Science - Physics | 0 | 3 | 0 | 0 | 30 | 62 | 76.00 | 1 | 3 | 10.57 | 21.82 |
| History - European | 0 | 3 | 1 | 1 | 25 | 106 | 115.00 | 0 | 0 | 3.69 | 7.27 |
| Science - Biology | 0 | 3 | 1 | 1 | 25 | 122 | 122.00 | 0 | 0 | 0.00 | 8.18 |
| History - World | 0 | 2 | 0 | 0 | 20 | 86 | 97.50 | 0 | 0 | 4.35 | 6.36 |
| Science - Chemistry | 0 | 2 | 0 | 0 | 20 | 105 | 111.50 | 0 | 1 | 1.14 | 8.18 |
| Literature - World | 0 | 2 | 0 | 0 | 20 | 63 | 97.50 | 1 | 1 | 5.14 | 10.00 |
| Fine Arts - Other | 0 | 2 | 0 | 1 | 20 | 120 | 129.50 | 0 | 0 | 0.89 | 6.36 |
| Mythology | 0 | 1 | 0 | 0 | 10 | 98 | 98.00 | 0 | 1 | 1.91 | 3.64 |
| History - American | 0 | 1 | 0 | 0 | 10 | 124 | 124.00 | 0 | 0 | 0.21 | 3.64 |
| Literature - European | 0 | 1 | 0 | 0 | 10 | 142 | 142.00 | 0 | 0 | 0.00 | 0.91 |
| Other Academic | 0 | 1 | 0 | 0 | 10 | 110 | 110.00 | 0 | 0 | 4.91 | 13.33 |
| Philosophy | 0 | 1 | 0 | 0 | 10 | 55 | 55.00 | 1 | 1 | 5.39 | 9.09 |
| Geography | 0 | 0 | 1 | 0 | -5 | 0.00 | 0 | 0 | 0.00 | 0.00 | |
| Social Science | 0 | 0 | 1 | 0 | -5 | 0.00 | 0 | 0 | 0.00 | 0.00 |